03539cam a2200349 i 450000100090000000300040000900500170001300800410003001000170007102000290008803500130011704000280013004200080015805000210016608200120018708400450019910000270024424500600027125000400033126400740037130000280044533600260047333700280049933800270052750000540055452012660060852011340187465000170300865000610302565000510308665000520313720333442OSt20260318121748.0180201s2018 cau 000 0 eng  a 2018003687 a9781523095568qpaperback a20333442 aDLCbengcDLCerdadDLC apcc00aHM756b.B56 201800a307223 aBUS085000aSOC026000aSOC0050002bisacsh1 aBlock, Peter,eauthor.10aCommunity :bthe structure of belonging /cPeter Block. aSecond Edition Revised and Updated. 1aOakland :bBerrett-Koehler Publishers Inc. a BK Business book,c2018. axix, 229 pages ;c23 cm atextbtxt2rdacontent aunmediatedbn2rdamedia avolumebnc2rdacarrier aRevised edition of the author's Community, c2008. a"The expanded and revised edition of Community tackles the hysteric rise of isolation and fear in a digitally interconnected world. In the second edition of Community, author Peter Block offers practical advice and uplifting stories as a way to reject the increasing pull towards isolation and fear of the stranger in a new world of constant connection. This book explores the benefits of community and belonging to foster social change and reconciliation. As we continue to find new ways of being in constant connection with each other through technology, our workplaces are depopulated and we face growing trends of fundamentalism and nationalism, our fear of the stranger deepens. Block challenges this mindset and proves that community and the structure of belonging has the power to bring about positive social change when supported by the frameworks of compassion, equity and respect for the other. Backed by extensive research, this updated and expanded edition illuminates successful stories of community building as a form of healing. Covering stories about political gridlocks, poverty, people of faith, to institutional life, this revolutionary book offers a compelling argument of why we need community now more than ever"--cProvided by publisher. a"In the second edition of Community, author Peter Block offers practical advice and uplifting stories as a way to reject the increasing pull towards isolation and fear of the stranger in a new world of constant connection. This book explores the benefits of community and belonging to foster social change and reconciliation. As we continue to find new ways of being in constant connection with each other through technology, our workplaces are depopulated and we face growing trends of fundamentalism and nationalism, our fear of the stranger deepens. Block challenges this mindset and proves that community and the structure of belonging has the power to bring about positive social change when supported by the frameworks of compassion, equity and respect for the other. Backed by extensive research, this updated and expanded edition illuminates successful stories of community building as a form of healing. Covering stories about political gridlocks, poverty, people of faith, to institutional life, this revolutionary book offers a compelling argument of why we need community now more than ever"--cProvided by publisher. 0aCommunities. 7aBUSINESS & ECONOMICS / Organizational Behavior.2bisacsh 7aSOCIAL SCIENCE / Sociology / General.2bisacsh 7aSOCIAL SCIENCE / Customs & Traditions.2bisacsh